[Event "Oslo Chess Festival 2017"]
[Site "Oslo"]
[Date "2017.10.03"]
[Round "6"]
[White "Gajewski, Grzegorz"]
[Black "Notkevich, Benjamin Arvola"]
[Result "1-0"]
[WhiteElo "2630"]
[BlackElo "2458"]
[Annotator "TA"]
[PlyCount "47"]
[EventDate "2017.??.??"]
[EventType "swiss"]
[EventCountry "NOR"]
[SourceTitle "playchess.com"]
[Source "ChessBase"]
[SourceQuality "1"]

{[%evp 15,47,-8,8,8,19,14,19,19,19,19,19,18,19,14,14,16,16,10,16,19,19,16,16,15,17,18,18,26,20,22,219,216,206,64]} 1. c4 e5 2. Nc3 Nf6 3. Nf3 Nc6 4. e3 Bb4 5. Qc2 Bxc3 6. bxc3 O-O 7. d3 {A28: English Opening: Four Knights Variation} d6 8. Be2 Qe7 {LiveBook: 3 Games} (8... Re8 9. e4 Ne7 10. Nh4 Ng6 11. Nxg6 hxg6 12. O-O c6 13. f4 b5 14. cxb5 cxb5 {1-0 (40) Aronian,L (2799)-Matlakov,M (2728) Tbilisi 2017}) 9. e4 {The position is equal.} Nh5 $146 ({Predecessor:} 9... Nd7 10. Bg5 f6 11. Be3 f5 12. exf5 Nf6 13. d4 Ng4 14. Bg5 Qe8 {0-1 (30) Zherebukh,Y (2625)-Huschenbeth,N (2532) Greensboro 2014}) 10. g3 f5 11. exf5 Bxf5 12. Nh4 $1 Qf7 $1 13. Nxf5 Qxf5 14. Be3 {Black must now prevent g4.} Nf6 15. O-O Ng4 16. Rab1 Nxe3 17. fxe3 Qg5 18. Bf3 $36 {[%mdl 2048] Threatening Qe2. White is more active.} Qxe3+ 19. Kg2 Kh8 20. Be4 Rab8 21. Qd1 {Strongly threatening Qh5.} g6 {[#]} 22. Rxb7 $1 {[%mdl 512]} Na5 $2 {[#]} (22... Ne7 $1 $11) (22... Rxb7 23. Rxf8+) 23. Rxb8 $1 $18 ({Worse is} 23. Rxc7 Rb2+ 24. Kh1 Rff2 $11) 23... Rxb8 {[#]} 24. Qc2 {Precision: White = 90%, Black = 37%.} ({White should play} 24. Kh1 $1 $18) 1-0

[Event "Oslo Chess Festival 2017"]
[Site "Oslo"]
[Date "2017.10.03"]
[Round "6"]
[White "Maze, Sebastien"]
[Black "Vovk, Andriy"]
[Result "0-1"]
[WhiteElo "2614"]
[BlackElo "2622"]
[Annotator "TA"]
[PlyCount "58"]
[EventDate "2017.??.??"]
[EventType "swiss"]
[EventCountry "NOR"]
[SourceTitle "playchess.com"]
[Source "ChessBase"]
[SourceQuality "1"]

{[%evp 18,58,0,4,23,28,12,17,32,28,26,25,25,0,0,0,-4,-4,0,0,0,0,0,0,0,0,0,-105,-106,-109,-109,-237,-245,-229,-138,-266,-295,-418,-411,-542,-632,-641,-620]} 1. e4 c5 2. Nf3 d6 3. Bb5+ Nd7 4. c3 Ngf6 5. Qe2 a6 6. Ba4 e6 {B51: Sizilianisch (Rossolimo-Variante)} 7. Bc2 b5 8. d4 Bb7 9. Nbd2 {[%cal Bb1d2,Bd2e4,Be4g5][%mdl 32]} Be7 10. O-O {LiveBook: 17 Partien} O-O (10... Qc7 11. Bd3 Nh5 12. g3 Nhf6 13. b3 O-O 14. Bb2 c4 15. Bc2 cxb3 16. axb3 {½-½ (95) Ponomariov,R (2712)-Vidit,S (2692) Khanty-Mansiysk 2017}) 11. e5 $146 ({Vorgänger:} 11. dxc5 dxc5 12. c4 Qb6 13. b3 e5 14. Bb2 Bd6 15. Rad1 {0-1 (33) Poluektova,A (1542)-Fedotov,N (1793) Voronezh 2011}) 11... Nd5 12. Ne4 dxe5 13. dxe5 Qc7 14. Neg5 g6 $1 15. Re1 h6 $1 {[%cal Rh6g5]} 16. Nh3 {Dd2 ist eine echte Drohung.} Kg7 $1 17. Nf4 Rad8 18. a4 Nxf4 19. Bxf4 Qc6 20. h3 Nb6 {[%cal Rb6a4,Bd7b6,Bb6c4,Bc4d2,Bd2c4,Bc4b2,Bb2d3][%mdl 32]} 21. axb5 axb5 22. Qe3 (22. Qf1 $11 {bleibt in der Remisbreite.}) 22... g5 $17 23. Bg3 Nc4 24. Qc1 {[#]} (24. Qe2 $17 {war erzwungen.}) 24... Nd2 $1 $19 {[%cal Rd2f3][%mdl 512]} 25. Bd1 (25. Nxd2 Qxg2#) 25... Rd7 26. c4 (26. Kh1 $17) 26... Nxc4 ({Schlechter ist} 26... Nxf3+ 27. Bxf3 Qb6 28. Be2 $11) 27. Ra7 (27. Kh1 {war einen Versuch wert.}) 27... Rfd8 28. h4 {[#]} Nxb2 $1 {[%mdl 512]} 29. Bc2 (29. Qxb2 Rxd1) 29... Nd3 {Precision: Weiß = 45%, Schwarz = 83%.} 0-1

[Event "Oslo Chess Festival 2017"]
[Site "Oslo"]
[Date "2017.10.03"]
[Round "6"]
[White "Urkedal, Frode"]
[Black "Mikalsen, Erlend"]
[Result "1-0"]
[WhiteElo "2570"]
[BlackElo "2322"]
[Annotator "TA"]
[PlyCount "138"]
[EventDate "2017.??.??"]
[EventType "swiss"]
[EventCountry "NOR"]
[SourceTitle "playchess.com"]
[Source "ChessBase"]
[SourceQuality "1"]

{[%evp 9,138,0,4,0,0,0,0,0,0,0,0,-18,0,0,0,0,0,0,0,0,0,0,15,4,56,59,58,56,64,72,74,0,25,26,21,-22,-1,-13,-13,-17,-12,-5,0,-16,0,0,0,0,0,0,0,-6,-2,-16,85,73,839,823,2350,2026,29983,29982,5314,260,353,326,341,338,324,249,318,303,302,311,1513,1425,1520,1539,1502,1505,1498,1493,1505,1491,1507,1507,1490,1456,1463,1100,1470,1434,1449,1436,1469,1430,1416,1165,1314,1256,1242,949,1164,862,760,82,66,66,75,39,364,362,694,536,29959,29960,29960,29960,29965,29963,29965,1939,29979,29980,29980,29981,29981,29982,29983,29984,29984]} 1. d4 Nf6 2. c4 e6 3. Nf3 b6 4. g3 Ba6 5. Qc2 c5 6. d5 {E15: Queen's Indian: 4 g3 sidelines, 4 g3 Ba6 and 4 g3 Bb7 early deviations} exd5 7. cxd5 Bb7 8. Bg2 {The position is equal.} Nxd5 9. O-O Be7 10. Rd1 Nc6 11. a3 (11. Rxd5 $2 Nb4 $17) 11... Nc7 12. Bf4 Ne6 13. e3 {[#]} O-O $146 ({Predecessor:} 13... Nxf4 14. exf4 O-O {½-½ (25) Jakovenko,D (2745)-Karjakin,S (2770) Kazan 2014}) 14. Nc3 {[%cal Bb1c3,Bc3e4,Be4g5][%mdl 32]} Nxf4 15. exf4 Bf6 16. Ne4 d5 (16... Rb8 $11) 17. Nfg5 $1 $14 Bxg5 $1 18. Nxg5 {[%csl Gg5][%cal Rc2h7]} g6 19. Bxd5 Qe7 {[#]} (19... Nd4 20. Rxd4 Bxd5 21. Rd2 $16) 20. Re1 (20. Qe4 $1 $16 {[%cal Re4e7]} Qxe4 21. Nxe4 (21. Bxe4 Rad8 $11)) 20... Qd7 21. Ne4 {Black must now prevent Nf6+.} Kg7 22. Qc3+ (22. Bxc6 $5 Qxc6 23. Qc3+ f6 24. Rac1 $11) 22... Nd4 23. Bxb7 Qxb7 24. b4 Rfe8 25. f3 Rad8 26. Kf2 Qd5 27. bxc5 bxc5 28. Nxc5 ({Don't go for} 28. Qxc5 $2 Qb3 $19) 28... Rxe1 29. Rxe1 Qa2+ 30. Kg1 $132 {[%mdl 2048] And now Rd1 would win. White is not keeping still} Kh6 {Strongly threatening ...Ne2+.} 31. Qd3 Nc6 (31... f5 $11 {remains equal.}) 32. Qe3 $16 {aiming for f5+.} Rd2 $2 {[%mdl 8192]} (32... Qd5 $16) 33. f5+ $18 g5 34. Ne4 $1 {[%csl Ge4,LRd2,LRg5][%cal Re3g5]} Rg2+ 35. Kf1 {[%csl Ge4][%cal Re3g5]} f6 36. Nf2 $2 (36. Qc5 {White wants to mate with Qf8+.} Qf7 37. Kxg2) 36... Rxh2 {intending ...Ne5.} 37. Ng4+ Kg7 {[%csl Gh2][%cal Ra2g2]} 38. Nxh2 Qxh2 {[%mdl 4096] Endgame KQR-KQN} 39. f4 Qh1+ 40. Kf2 Qh2+ 41. Kf3 h5 $2 (41... gxf4 42. gxf4 (42. Qxf4 Ne5+ 43. Rxe5 Qh1+ 44. Kf2 Qh2+ 45. Kf3 Qh1+ 46. Kf2 Qh2+ 47. Kf3 $16) 42... Qh3+ 43. Kf2 Qxf5) 42. fxg5 Ne5+ 43. Kf4 $1 {Intending gxf6+ and mate.} Nd3+ {[#]} 44. Ke4 $1 {[%cal Re4d3]} Nxe1 45. Qxa7+ Kf8 46. Qb8+ Ke7 47. Qc7+ Ke8 48. Qc8+ Ke7 49. Qe6+ Kd8 50. Qxf6+ Kd7 51. Qd4+ Ke8 52. Qa4+ Kf7 53. Qd7+ Kf8 54. Qc8+ Kf7 55. g6+ Kf6 56. Qc3+ Kg5 57. Qe3+ $2 (57. g7 $18 Qg2+ 58. Ke5 Qe2+ 59. Kd6) 57... Kf6 $16 58. Qxe1 $14 {White threatens Kf4 and mate. KQ-KQ} ({Less strong is} 58. Qc3+ Kg5 $18) 58... Qc2+ 59. Ke3 {Qa1+ is the strong threat.} Qb3+ $2 {[%mdl 8192]} (59... Qc5+ $14 60. Kd3 Qd5+ 61. Ke2 Qb5+ 62. Kf2 Qxf5+ 63. Kg1 Qd7) 60. Kf4 $18 {[%csl Gf4][%cal Re1e5]} Qb8+ $2 (60... Qc4+ 61. Qe4 Qc1+ 62. Kf3 Qh1+ 63. Ke3 Qe1+ 64. Kd4 Qd2+ 65. Kc4 Qa2+ 66. Kb4 Qb2+ 67. Ka4 Qc3 68. Qe6+ Kg5) 61. Kf3 Qb7+ 62. Qe4 Qb3+ 63. Kg2 Qxa3 64. Kh3 Qc1 {[#]} 65. g7 $1 Qc8 {[#]} (65... Kxg7 66. Qe7+) 66. Qe6+ $1 {White mates.} Qxe6 67. fxe6 Kxg7 68. Kh4 Kf6 69. Kxh5 Kxe6 {Precision: White = 76%, Black = 43%.} 1-0

[Event "Oslo Chess Festival 2017"]
[Site "Oslo"]
[Date "2017.10.03"]
[Round "6"]
[White "Blomqvist, Erik"]
[Black "Gabrielsen, Stig"]
[Result "1-0"]
[WhiteElo "2521"]
[BlackElo "2314"]
[Annotator "TA"]
[PlyCount "63"]
[EventDate "2017.??.??"]
[EventType "swiss"]
[EventCountry "NOR"]
[SourceTitle "playchess.com"]
[Source "ChessBase"]
[SourceQuality "1"]

{[%evp 12,63,15,0,20,17,18,16,27,0,0,0,0,0,10,0,27,18,17,8,11,5,17,0,0,0,10,14,131,116,124,121,175,183,192,183,287,277,483,489,462,477,577,577,574,566,561,552,568,514,557,491,585,532]} 1. e4 c5 2. Nf3 e6 3. c3 d5 4. exd5 exd5 5. d4 Nc6 6. Bb5 Bd6 7. Be3 c4 {B22: Sicilian: 2 c3} 8. b3 cxb3 9. axb3 Nge7 {The position is equal.} 10. h3 (10. O-O O-O 11. Re1 a6 12. Nbd2 Bf5 13. Bf1 Rc8 14. Nh4 Be6 15. Bd3 Ng6 16. Nxg6 fxg6 17. Nf1 Qf6 18. f3 {½-½ (52) Nakamura,H (2783)-Topalov,V (2752) London 2012}) 10... O-O 11. O-O Bf5 12. Re1 h6 13. Bc1 $146 ({Predecessor:} 13. Nbd2 Ng6 14. Nf1 a6 15. Bd3 Be4 16. Bc1 Re8 17. Bxe4 dxe4 18. N3d2 {½-½ (28) Adams,M (2655)-Lautier,J (2655) Dos Hermanas 1995}) 13... Qb6 14. Bf1 Ng6 15. Ba3 Bxa3 16. Nxa3 a6 17. Nd2 Nce7 18. h4 {[%cal Bh3h4,Bh4h5][%mdl 32] [#] Strongly threatening h5.} Qf6 19. g3 $36 {[%mdl 2048] White has good play.} b5 (19... Rfe8 $11 {remains equal.}) 20. h5 $16 Nh8 21. Nc2 Rac8 (21... Rfc8 $16) 22. Re3 $18 Bxc2 23. Qxc2 Nf5 {[#]} (23... Rc7 {keeps fighting.} 24. b4 Qg5) 24. Bd3 $1 {[%cal Rd3f5]} Rxc3 $2 (24... g6 {is a better defense.}) 25. Qxc3 {White is clearly winning.} Nxe3 26. fxe3 Qg5 27. Nf1 Qxh5 28. Rxa6 Ng6 29. Bxb5 Qg4 30. Qc7 h5 31. Qd7 Qg5 32. Bd3 {Precision: White = 68%, Black = 40%.} 1-0

[Event "Oslo Chess Festival 2017"]
[Site "Oslo"]
[Date "2017.10.03"]
[Round "6"]
[White "Stany, G A"]
[Black "Hobber, Anders"]
[Result "1-0"]
[WhiteElo "2491"]
[BlackElo "2264"]
[Annotator "TA"]
[PlyCount "93"]
[EventDate "2017.??.??"]
[EventType "swiss"]
[EventCountry "NOR"]
[SourceTitle "playchess.com"]
[Source "ChessBase"]
[SourceQuality "1"]

{[%evp 13,93,17,31,8,40,41,50,55,38,45,52,40,52,37,52,51,54,44,52,45,50,50,109,110,118,120,140,145,173,86,93,78,78,88,94,95,107,0,0,0,0,0,0,0,0,0,0,0,0,0,0,0,0,0,0,0,0,0,3,0,0,0,11,8,8,0,0,0,8,8,38,8,8,8,8,8,8,0,8,8,8,8]} 1. e4 e6 2. d4 d5 3. e5 c5 4. c3 Nc6 5. Nf3 Bd7 6. Be2 Rc8 7. O-O Nge7 {LiveBook: 57 Games} 8. Re1 {C02: French: Advance Variation} (8. Na3 cxd4 9. cxd4 Nf5 10. Nc2 Qb6 11. g4 Nfe7 12. Bd2 h5 13. h3 Ng6 14. b4 hxg4 15. hxg4 Nh4 16. Nxh4 Rxh4 17. Bg5 Rh8 18. b5 Na5 19. Rb1 {1-0 (31) Volokitin,A (2638)-Morozevich,A (2731) Dubai 2014}) 8... Nf5 9. dxc5 Bxc5 10. Bd3 $146 {White is slightly better.} ({Predecessor:} 10. b4 Bb6 11. Bd3 O-O 12. Bf4 Nce7 13. Qc2 h6 14. g4 Ng6 15. Bg3 Nxg3 16. hxg3 {1-0 (41) Buytaert,D-Loken,K Winterthur 1974}) 10... O-O 11. Nbd2 {[%cal Bb1d2,Bd2b3,Bb3d4][%mdl 32]} Bb6 12. Nb3 h6 13. Bxf5 exf5 14. Qxd5 Be6 15. Qxd8 Rfxd8 16. Be3 Bc7 17. Nbd4 g5 (17... a5 $14) 18. Nxc6 $16 bxc6 {[#]} 19. h4 $1 f4 20. Bxa7 Rd5 21. Nd4 (21. b4 $18 {and White stays clearly on top.}) 21... Ra8 {White should prevent ...Bd7.} 22. Nxc6 {Threatens to win with Ne7+.} Rd2 23. b4 {And now Bd4 would win.} Rxa7 24. Nxa7 Bb6 {[#]} 25. Nc6 (25. Red1 $1 $16 {[%cal Rd1d2]} Bxf2+ 26. Kh2 Rxd1 27. Rxd1 Bxa7 28. a4) 25... Bxf2+ $11 26. Kh1 {Red1 is the strong threat.} Bxe1 27. Rxe1 Rxa2 28. hxg5 hxg5 {[%mdl 4096] Endgame KRB-KRN} 29. b5 Rb2 30. Nb4 Bc8 31. e6 fxe6 32. Re5 g4 33. Nd3 Rb3 34. Rg5+ Kf7 35. Rxg4 e5 36. Nxe5+ Kf6 37. Rg8 Rxc3 (37... Be6 $5 38. Ng4+ $8 Kf5 39. Nh6+ Kf6 40. Ng4+ Kf5 41. Nh6+ Kf6 42. Ng4+ $11) 38. Nc6 Bb7 39. Na5 Bd5 40. Rf8+ Ke5 41. b6 {Hoping for b7.} Rc1+ 42. Kh2 Rb1 {The position is equal.} 43. b7 Bxb7 44. Nc4+ Ke6 45. Rb8 Be4 46. Re8+ Kd5 {[#]} 47. Rxe4 $1 {[%mdl 33280] Precision: White = 69%, Black = 58%. . Loss on Time!?} 1-0

[Event "Oslo Chess Festival 2017"]
[Site "Oslo"]
[Date "2017.10.03"]
[Round "6"]
[White "Li, Di"]
[Black "Ostenstad, Berge"]
[Result "1-0"]
[WhiteElo "2459"]
[BlackElo "2447"]
[Annotator "TA"]
[PlyCount "76"]
[EventDate "2017.??.??"]
[EventType "swiss"]
[EventCountry "NOR"]
[SourceTitle "playchess.com"]
[Source "ChessBase"]
[SourceQuality "1"]

{[%evp 12,76,45,45,84,50,52,61,64,50,90,92,95,81,74,75,64,67,86,75,83,68,80,76,74,72,71,68,88,86,80,51,92,89,83,73,63,22,27,28,19,12,35,9,8,0,0,0,0,0,-8,-24,0,-7,-5,-16,33,0,0,0,0,0,15,20,48,64,116]} 1. Nf3 Nf6 2. c4 c5 3. Nc3 d5 4. cxd5 Nxd5 5. e4 Nxc3 6. dxc3 Qxd1+ 7. Kxd1 {LiveBook: 79 Games} Nd7 {A34: Symmetrical English: 2 Nc3, lines with ...d5} (7... e6 8. Bb5+ Bd7 9. a4 Nc6 10. Kc2 a6 11. Be2 Be7 12. Rd1 Rc8 13. Nd2 Na5 14. Nc4 Nxc4 15. Bxc4 {0-1 (46) Sadzikowski,D (2496)-Li,C (2722) Heusenstamm 2014}) 8. Bc4 $146 ({Predecessor:} 8. Be3 e6 9. Nd2 Be7 10. a4 O-O 11. Kc2 Ne5 12. Be2 Bd7 13. f4 Nc6 14. Nc4 Rfd8 15. Rhd1 {1-0 (40) Martirosyan,H (2470)-Babujian,L (2465) Yerevan 2016}) 8... e6 9. Bf4 Be7 10. Kc2 O-O 11. a4 Nf6 12. Rhe1 b6 13. Nd2 Bb7 14. f3 Nh5 15. Be3 Rfd8 16. Be2 h6 17. g3 Nf6 18. Nc4 Rac8 19. h4 {[%cal Bh2h4,Bh4h5][%mdl 32]} Nd7 20. Red1 Bc6 21. h5 f5 22. exf5 exf5 23. Bf4 Nf6 24. Rxd8+ Rxd8 25. Ne5 Bd5 26. Ng6 Kf7 27. Nxe7 (27. Rh1 {keeps more tension.} Bd6 28. Bxd6 Rxd6 29. Nf4 Bc6 30. Bc4+) 27... Kxe7 28. Re1 Kf8 29. g4 fxg4 30. fxg4 Re8 31. Bd2 Kf7 32. c4 Be4+ 33. Kd1 a5 34. Bc3 Bc6 35. b3 Re3 36. Kd2 Rg3 37. Bd3 {Bg6+ is the strong threat.} Bd7 ({Reject} 37... Rxg4 $6 38. Bg6+ Kg8 39. Bxf6 $16) 38. Be5 Rxg4 {Precision: White = 57%, Black = 41%.} (38... Rg2+ $14 39. Re2 Rg1) 1-0

[Event "Oslo Chess Festival 2017"]
[Site "Oslo"]
[Date "2017.10.03"]
[Round "6"]
[White "Bartholomew, John"]
[Black "Chu, Wei Chao"]
[Result "1-0"]
[WhiteElo "2449"]
[BlackElo "2340"]
[Annotator "TA"]
[PlyCount "97"]
[EventDate "2017.??.??"]
[EventType "swiss"]
[EventCountry "NOR"]
[SourceTitle "playchess.com"]
[Source "ChessBase"]
[SourceQuality "1"]

{[%evp 18,97,15,0,0,1,8,13,24,-36,-38,-15,43,6,6,-37,77,68,79,65,86,78,95,77,70,82,135,125,126,125,136,135,124,131,119,86,160,160,156,154,181,168,289,289,296,296,295,296,412,8,8,0,408,322,429,322,272,14,10,0,262,0,391,218,254,254,249,133,647,631,600,604,595,586,402,538,404,383,1183,828,4614,4614]} 1. d4 Nf6 2. c4 g6 3. Nc3 d5 4. cxd5 Nxd5 5. e4 Nxc3 6. bxc3 Bg7 7. Qa4+ Qd7 {D85: Exchange Grünfeld: Unusual White 7th moves and lines with 7 Nf3} 8. Bb5 (8. Qxd7+ Nxd7 9. Be3 O-O 10. Rc1 Rd8 11. Nf3 b6 12. Bd3 Bb7 13. Ke2 e5 14. Rhd1 Rac8 15. d5 c6 16. c4 Bf8 {0-1 (42) Riazantsev,A (2659)-Mamedyarov,S (2772) Sochi 2017}) 8... c6 9. Be2 O-O 10. Qa3 {LiveBook: 22 Games} e5 11. Nf3 exd4 12. cxd4 Re8 13. O-O $146 (13. e5 $11) ({Predecessor:} 13. e5 Qd5 14. Be3 Bg4 15. h3 {½-½ (53) Sirosh,I (2271)-Luukkonen,T (2377) Viljandi 2016}) 13... Rxe4 $15 ({But not} 13... Bxd4 $2 14. Nxd4 Qxd4 15. Bb2 $18) 14. Bc4 h6 (14... b5 $11 15. Bd3 Re8) 15. Qd3 Qf5 16. Ne5 (16. Qb3 {looks sharper.} Re8 17. Ne5 Bxe5 18. dxe5 Na6 19. Re1) 16... Rxe5 (16... Kh7 $15 {keeps the upper hand.} 17. Bb2 b5 18. Bxf7 Rxe5 19. Bxg6+ Kxg6 20. Qg3+ Kh7 21. dxe5 Be6) 17. dxe5 $16 {Hoping for Qd8+.} Qxd3 $1 18. Bxd3 Be6 19. f4 Nd7 20. a4 Nc5 21. Bc2 $36 {[%mdl 2048] White has strong initiative.} Nb3 ({Better is} 21... b5) 22. Bxb3 $1 Bxb3 23. Rb1 Bc4 24. Rxb7 Bxf1 25. Kxf1 {[%mdl 4096] Endgame KRB-KRB} a5 26. Be3 Bf8 ({Black should try} 26... f6) 27. Ke2 h5 28. Rc7 Rb8 29. Rxc6 Rb4 (29... Bb4 $142 30. Kd3 Kf8) 30. Rc8 $18 Kg7 31. Kd3 $1 Rxa4 {[#]} 32. Bd4 $1 Be7 33. Rc7 $2 (33. Re8 $18) 33... Kf8 $11 34. Rc8+ $2 {[%mdl 8192]} (34. g4 $11 hxg4 35. Rc8+ Kg7 36. e6+ f6 37. Rc7) 34... Kg7 $18 35. Re8 Bb4 36. Rb8 {And now e6+ would win.} Be7 37. Rb7 $2 (37. g3 $18) 37... Kf8 $11 38. Rb8+ $2 {[%mdl 8192]} (38. g4 $11 hxg4 39. Rb8+ Kg7 40. e6+ f6 41. Rb7) 38... Kg7 $18 39. Re8 (39. g3 $142) 39... Bb4 $1 40. g3 (40. e6+ $142 f6 41. Ra8) 40... Ra3+ 41. Kc4 Ra2 {[#]} 42. Ra8 ({White has to play} 42. h3 $1 $18) 42... Be7 $2 {[%mdl 8192]} (42... Rc2+ $16 43. Kd5 Rd2 44. e6+ f6 45. Ra7+ Kg8) 43. e6+ $1 f6 44. Ra7 Kf8 {[#]} 45. Bxf6 $1 {[%mdl 512]} Bxf6 46. Rf7+ Ke8 {aiming for ...Be7.} 47. Rxf6 g5 $2 (47... Rc2+ 48. Kb5 g5 49. fxg5 Ke7) 48. f5 Rxh2 49. Rg6 {Precision: White = 41%, Black = 42%.} 1-0

[Event "Oslo Chess Festival 2017"]
[Site "Oslo"]
[Date "2017.10.03"]
[Round "6"]
[White "Xu, Yi"]
[Black "Louis, Thibault"]
[Result "1-0"]
[WhiteElo "2439"]
[BlackElo "2207"]
[Annotator "TA"]
[PlyCount "55"]
[EventDate "2017.??.??"]
[EventType "swiss"]
[EventCountry "NOR"]
[SourceTitle "playchess.com"]
[Source "ChessBase"]
[SourceQuality "1"]

{[%evp 17,55,12,12,12,8,12,8,12,17,8,13,7,13,15,52,56,56,78,100,91,99,91,141,130,143,125,116,120,142,137,235,201,1274,1232,29986,29987,29986,29987,29994,29995]} 1. e4 e6 2. d4 d5 3. Nc3 Nf6 4. e5 Nfd7 5. f4 c5 6. Nf3 Nc6 7. Be3 Be7 8. Qd2 b6 {C11: French: Classical System: 4 e5 and 4 Bg5 dxe4} (8... a6 9. a3 b5 10. Bd3 Bb7 11. O-O O-O 12. Kh1 f5 13. Qf2 Rc8 14. Rg1 b4 15. axb4 Nxb4 16. g4 g6 17. gxf5 Nxd3 18. cxd3 Rxf5 {0-1 (40) Kasparov,G (2812)-Caruana,F (2807) Saint Louis 2017}) 9. Bb5 Bb7 {LiveBook: 9 Games} 10. O-O O-O {The position is equal.} 11. Nd1 cxd4 12. Nxd4 Nxd4 13. Bxd4 Nc5 14. Nf2 a6 $146 ({Predecessor:} 14... Qc8 15. c3 Ba6 16. Bxa6 Qxa6 {0-1 (43) Hofene,D (2072)-Kuijf,M (2368) Bregenz 2017}) 15. Be2 f5 16. exf6 Bxf6 17. Ng4 Rc8 18. Nxf6+ gxf6 19. Bd3 Qd6 20. Rf3 Rc7 ({Don't blunder} 20... Ne4 $2 21. Bxe4 dxe4 22. Rg3+ Kf7 {[#]} 23. Rg7+ $1 {[%mdl 512]} Kxg7 24. Bxf6+ $1 {[%mdl 512]} Rxf6 25. Qxd6 $18) 21. Rg3+ Kh8 22. Re1 {[%cal Ba1e1,Be1e5,Be5h5,Bh5h6][%mdl 32]} Re7 23. Re5 Bc6 (23... Nxd3 $16 {was necessary.} 24. Qxd3 Qc7) 24. Rh5 {Threatens to win with Rh6.} Be8 $2 (24... Nxd3 25. cxd3 (25. Qxd3 Be8 $14) 25... Ref7) 25. Rh6 $18 Nd7 26. Bxh7 {White mates.} Rg7 27. Rgh3 e5 28. Bg6+ {Precision: White = 87%, Black = 40%.} 1-0

[Event "Oslo Chess Festival 2017"]
[Site "Oslo"]
[Date "2017.10.03"]
[Round "6"]
[White "Djurhuus, Rune"]
[Black "Sousa, Ludy Helsio Paulo"]
[Result "1-0"]
[WhiteElo "2417"]
[BlackElo "2171"]
[Annotator "TA"]
[PlyCount "79"]
[EventDate "2017.??.??"]
[EventType "swiss"]
[EventCountry "NOR"]
[SourceTitle "playchess.com"]
[Source "ChessBase"]
[SourceQuality "1"]

{[%evp 20,79,89,92,114,32,35,43,47,-12,-9,-25,12,17,18,0,0,-8,0,-9,25,24,43,41,103,107,144,175,510,442,527,519,587,586,1067,580,571,552,514,258,241,217,280,298,481,304,522,504,1089,1063,29984,29985,29985,29986,29988,29989,29989,29988,29988,29989,29991,29992]} 1. d4 Nf6 2. c4 d6 3. Nc3 g6 4. e4 Bg7 5. Be2 Nbd7 6. Nf3 e5 7. O-O O-O 8. Be3 Ng4 9. Bg5 f6 10. Bc1 f5 {E94: King's Indian: Classical: 6 Be2 e5 7 0-0: Various Black 7th moves} (10... Nh6 11. dxe5 dxe5 12. h3 Nf7 13. a3 c6 14. b4 Qe7 15. Be3 Rd8 16. Qc2 Nf8 17. Rad1 Be6 18. c5 f5 19. Bc1 {0-1 (50) Jumabayev,R (2611)-Amonatov,F (2620) Doha 2016}) 11. Bg5 {LiveBook: 3 Games} Ngf6 12. Qc2 (12. exf5 $16 gxf5 13. Qc1) 12... h6 $146 {White is slightly better.} ({Predecessor:} 12... f4 13. Rad1 h6 14. dxe5 hxg5 15. exf6 Qxf6 16. Nd5 Qd8 17. e5 g4 18. e6 gxf3 19. Bxf3 {½-½ (33) Dobrowolski,M (1964)-Grota,M (1814) Kowalewo Pomorskie 2010}) 13. Bxf6 Qxf6 14. dxe5 (14. Rad1 $14) 14... Nxe5 $11 15. Rad1 Nxf3+ 16. Bxf3 c6 17. Rd2 Qe7 18. Ne2 Be5 19. Nd4 f4 20. Be2 Bg7 21. Rfd1 g5 ({Black should try} 21... Re8 $14) 22. h3 $16 Rd8 23. c5 Be5 $2 {[#]} (23... Kh8 {is more resistant.}) 24. Bc4+ Kg7 25. Nf3 b5 26. Bb3 Bb7 27. Nxe5 dxe5 28. Rd6 Rxd6 29. cxd6 Qd7 30. Qc5 Kf6 31. Rd3 h5 $2 (31... Rh8 {is a better defense.} 32. Qxa7 c5) 32. g3 Rh8 $2 (32... Re8 33. h4 (33. Qxa7 Kg6 $16) 33... Kg6 34. hxg5 (34. Qxa7 gxh4 35. gxf4 c5 $18) 34... Bc8) 33. h4 $18 {[#] Strongly threatening hxg5+.} gxh4 (33... Re8 $142 34. hxg5+ Kg6 35. gxf4 exf4) 34. gxf4 Qg4+ 35. Kf1 {White mates.} Qxf4 36. d7 Rd8 37. Qd6+ Kg5 38. Qc7 Qf6 39. Rd6 Qe7 40. Re6 {Precision: White = 56%, Black = 18%.} 1-0